Score 0/24 Timer 04:00
10 Plays Today
Question Answer Wrong Answers
Ron Swanson Parks and Recreation
83.4%
New Girl
2.9%
Brooklyn Nine-Nine
4.8%
2 Broke Girls
2.5%
Leslie Knope Parks and Recreation
81.5%
New Girl
4.2%
Brooklyn Nine-Nine
3.7%
2 Broke Girls
4.3%
Jess Day New Girl
78.9%
Brooklyn Nine-Nine
3.8%
2 Broke Girls
6.9%
Parks and Recreation
3.4%
Jake Peralta Brooklyn Nine-Nine
76.7%
New Girl
7.5%
2 Broke Girls
4.2%
Parks and Recreation
4.7%
Tom Haverford Parks and Recreation
75.7%
New Girl
5.7%
Brooklyn Nine-Nine
7.2%
2 Broke Girls
4.4%
Andy Dwyer Parks and Recreation
75.6%
New Girl
4.4%
Brooklyn Nine-Nine
9.2%
2 Broke Girls
4.2%
Schmidt New Girl
74.7%
Brooklyn Nine-Nine
7.7%
2 Broke Girls
5.8%
Parks and Recreation
4.9%
Amy Santiago Brooklyn Nine-Nine
74.7%
New Girl
5.3%
2 Broke Girls
6.6%
Parks and Recreation
6.4%
Gina Linetti Brooklyn Nine-Nine
74.1%
New Girl
5.6%
2 Broke Girls
8.7%
Parks and Recreation
4.6%
April Ludgate Parks and Recreation
73.9%
New Girl
6.3%
Brooklyn Nine-Nine
5.7%
2 Broke Girls
7.2%
Charles Boyle Brooklyn Nine-Nine
73.8%
New Girl
6.1%
2 Broke Girls
6%
Parks and Recreation
6.8%
Ray Holt Brooklyn Nine-Nine
73.3%
New Girl
6%
2 Broke Girls
5.8%
Parks and Recreation
7.8%
Nick Miller New Girl
71.8%
Brooklyn Nine-Nine
8.2%
2 Broke Girls
5.1%
Parks and Recreation
7.8%
Terry Jeffords Brooklyn Nine-Nine
71.8%
New Girl
5.5%
2 Broke Girls
6.1%
Parks and Recreation
9.4%
Oleg 2 Broke Girls
69.7%
New Girl
8.4%
Brooklyn Nine-Nine
8.9%
Parks and Recreation
5.8%
Winston Bishop New Girl
69.1%
Brooklyn Nine-Nine
9.8%
2 Broke Girls
7.4%
Parks and Recreation
6.5%
Caroline Channing 2 Broke Girls
68.5%
New Girl
11.2%
Brooklyn Nine-Nine
6.7%
Parks and Recreation
6.6%
Cece Parekh New Girl
66.8%
Brooklyn Nine-Nine
7.4%
2 Broke Girls
11.6%
Parks and Recreation
7%
Han Lee 2 Broke Girls
66.7%
New Girl
8.4%
Brooklyn Nine-Nine
10.6%
Parks and Recreation
7.1%
Coach New Girl
63.4%
Brooklyn Nine-Nine
9.2%
2 Broke Girls
8.2%
Parks and Recreation
12.4%
Sophie Kachinsky 2 Broke Girls
63.2%
New Girl
10.4%
Brooklyn Nine-Nine
10.9%
Parks and Recreation
8.3%
Donna Meagle Parks and Recreation
62.5%
New Girl
7.8%
Brooklyn Nine-Nine
10.6%
2 Broke Girls
11.8%
Earl 2 Broke Girls
59.6%
New Girl
11.3%
Brooklyn Nine-Nine
10.9%
Parks and Recreation
11%
Max Black 2 Broke Girls
57.1%
New Girl
15.7%
Brooklyn Nine-Nine
13.1%
Parks and Recreation
7%
Remove Ads.
Support Sporcle.
Get the best of Sporcle when you Go Orange. This ad-free experience offers more features, more stats, and more fun while also helping to support Sporcle. Thank you for becoming a member.

You're not logged in!

Compare scores with friends on all Sporcle quizzes.
OR
Log In

Show Comments

Extras

Top Quizzes Today


Score Distribution

Your Account Isn't Verified!

In order to create a playlist on Sporcle, you need to verify the email address you used during registration. Go to your Sporcle Settings to finish the process.

Report this User

Report this user for behavior that violates our Community Guidelines.

Details: